Statistics for Pokémon: Super Effective Chain - Gen I

Click here to take the quiz!

General Stats

  • This quiz has been taken 38 times
  • The average score is 8 of 19

Answer Stats

Pokédex #PokémonType% Correct
007SquirtleWater
100%
027SandshrewGround
68%
150MewtwoPsychic
50%
035ClefairyFairy
45%
074GeodudeRock/Ground
45%
076GolemRock/Ground
45%
075GravelerRock/Ground
45%
056MankeyFighting
45%
029Nidoran♀Poison
45%
081MagnemiteElectric/Steel
41%
077PonytaFire
41%
083Farfetch'dNormal/Flying
36%
126MagmarFire
36%
104CuboneGround
32%
102ExeggcuteGrass/Psychic
32%
116HorseaWater
32%
109KoffingPoison
32%
127PinsirBug
32%
114TangelaGrass
32%

Score Distribution

Percentile by Number Answered

Percent of People with Each Score

Your Score History

You have not taken this quiz